Business parks review (Record no. 112684)
[ view plain ]
| 000 -LEADER | |
|---|---|
| fixed length control field | 01536cad a22002415a 4500 |
| 001 - CONTROL NUMBER | |
| control field | L153742 |
| 008 - FIXED-LENGTH DATA ELEMENTS--GENERAL INFORMATION | |
| fixed length control field | 110824s2011 xxkad f s 000 0 eng d |
| 035 ## - SYSTEM CONTROL NUMBER | |
| System control number | (Sirsi) u153742 |
| 041 0# - LANGUAGE CODE | |
| Language code of text/sound track or separate title | eng |
| 050 04 - LIBRARY OF CONGRESS CALL NUMBER | |
| Classification number | 333.33 $2 18 |
| 110 2# - MAIN ENTRY--CORPORATE NAME | |
| Corporate name or jurisdiction name as entry element | GVA |
| 9 (RLIN) | 5945 |
| 245 00 - TITLE STATEMENT | |
| Title | Business parks review |
| Remainder of title | Summer 2011 |
| Medium | [electronic resource] |
| 260 ## - PUBLICATION, DISTRIBUTION, ETC. | |
| Place of publication, distribution, etc. | [S.l.] |
| Name of publisher, distributor, etc. | GVA |
| Date of publication, distribution, etc. | 2011 |
| 490 #0 - SERIES STATEMENT | |
| Series statement | GVA Business Parks Review |
| Volume/sequential designation | Summer 2011 |
| 505 2# - FORMATTED CONTENTS NOTE | |
| Formatted contents note | National overview -- South East and Eastern -- South West and Wales -- Midlands -- North West -- Yorksire, the Humber and the North East -- Scotland |
| 520 ## - SUMMARY, ETC. | |
| Summary, etc. | Occupier activity in the UK's business parks' sector picked up in H1 2011 but remains relatively subdued amid persistent economic uncertainty. A total of 1.6m sq ft take-up occurred in the period, 8.0% up on the H2 2010 but 23.8% below the current five year average. Nationally annual headline rental growth turned positive for the first time since 2000. New business park office space under construction is at its lowest in the survey's 16 year history. Available floorspace remains at record high level but this has stabilised over the last 12 months. The sector is expected to recover but downside risks have significantly increased over the past six months. |
| 590 ## - LOCAL NOTE (RLIN) | |
| Local note | KA NTK |
| 650 24 - SUBJECT ADDED ENTRY--TOPICAL TERM | |
| Topical term or geographic name entry element | GVA BUSINESS PARKS REVIEW |
| 651 #4 - SUBJECT ADDED ENTRY--GEOGRAPHIC NAME | |
| Geographic name | United Kingdom |
| Chronological subdivision | |
| 690 ## - LOCAL SUBJECT ADDED ENTRY--TOPICAL TERM (OCLC, RLIN) | |
| Topical term or geographic name as entry element | PROPERTY-COMMERCIAL PROPERTY-COMMERCIAL PROPERTY MARKET |
| 856 40 - ELECTRONIC LOCATION AND ACCESS | |
| Uniform Resource Identifier | <a href="https://www.gva.co.uk/research/offices/">https://www.gva.co.uk/research/offices/</a> |
| Public note | View the report free of charge at www.gva.co.uk |
| 942 ## - ADDED ENTRY ELEMENTS (KOHA) | |
| Suppress in OPAC | 0 |
| Withdrawn status | Lost status | Source of classification or shelving scheme | Damaged status | Not for loan | Home library | Current library | Shelving location | Date acquired | Total Checkouts | Full call number | Barcode | Date last seen | Copy number | Price effective from | Koha item type |
|---|---|---|---|---|---|---|---|---|---|---|---|---|---|---|---|
| Dewey Decimal Classification | Virtual | Virtual | Online | 24/08/2011 | ONLINE PUBLICATION | 153742-2001 | 06/08/2019 | 1 | 06/08/2019 | Book |